|
|
|
|
| LEADER |
00000cam a2200000 7i4500 |
| 001 |
0000029998 |
| 005 |
20220816.0 |
| 008 |
220811 my may |
| 020 |
|
|
|a 9789674110468
|
| 040 |
|
|
|a INS
|b eng
|e rda
|
| 090 |
0 |
0 |
|a BP134.N3
|b U51 2014
|
| 100 |
0 |
|
|a Umi Kalthum Ngah ,
|e author
|
| 245 |
1 |
0 |
|a KEAJAIBAN HAIWAN YANG MENGUBAH DUNIA
|c UMI KALTHUM, ZULKIFLI ZAINAL ABIDIN
|
| 264 |
|
1 |
|a Batu Caves, Selangor :
|b PTS Millennia Sdn. Bhd.
|c 2014
|
| 300 |
|
|
|a xiii, 242 pages :
|b colour illustrations, colour photographs ;
|c 23 cm.
|
| 336 |
|
|
|a text
|2 rdacontent
|
| 337 |
|
|
|a unmediated
|2 rdamedia
|
| 338 |
|
|
|a volume
|2 rdacarrier
|
| 504 |
|
|
|a Includes bibliographical references
|
| 650 |
|
0 |
|a Nature in the Qur'an
|
| 650 |
1 |
0 |
|a Human-animal relationships
|
| 650 |
2 |
0 |
|a Animals and civilization
|
| 650 |
2 |
0 |
|a Animals
|x Religious aspects
|x Islam
|
| 650 |
2 |
0 |
|a Animals
|x Social aspects
|
| 700 |
1 |
|
|a Zulkifli Zainal Abidin ,
|e author
|
| 999 |
|
|
|a 0000024888
|b BOOK
|c Open Shelf
|e Default branch
|